书目信息 |
| 题名: |
中国名产
|
|
| 作者: | 黄震尧 , 陈明希 编 | |
| 分册: | 第一集 | |
| 出版信息: | 北京 工商出版社 1981 |
|
| 页数: | 112页 | |
| 开本: | 19cm | |
| 丛书名: | ||
| 单 册: | ||
| 中图分类: | F762.7 | |
| 科图分类: | ||
| 主题词: | 土特产品--简介--中国 | |
| 电子资源: | ||
| ISBN: | ||
| 000 | 00659nam0 2200241 45 | |
| 001 | 0181007358 | |
| 005 | 20060912111834.25 | |
| 010 | @dCNY0.40 | |
| 091 | @a4246.002 | |
| 100 | @a19950613d1981 em y0chiy0121 ea | |
| 101 | 0 | @achi |
| 102 | @aCN@b110000 | |
| 105 | @ay z 000yy | |
| 200 | 10 | @a中国名产@h第一集@Azhong guo ming chan@f黄震尧, 陈明希编 |
| 210 | @a北京@c工商出版社@d1981 | |
| 215 | @a112页@d19cm | |
| 606 | @a土特产品@x简介@y中国 | |
| 690 | @aF762.7@v3 | |
| 701 | 0 | @a黄震尧@Ahuang zhen yao@4编 |
| 701 | 0 | @a陈明希@Achen ming xi@4编 |
| 801 | 0 | @aCN@b上海图书馆@c20060912 |
| 801 | 2 | @aCN@bNLC@c20060911 |
| 905 | @f1@b212798@dF762.7@e11:1 | |
| 中国名产.第一集/黄震尧, 陈明希编.-北京:工商出版社,1981 |
| 112页;19cm |
| ISBN :CNY0.40 |
| ● |
| 相关链接 |
|
|
|
|
正题名:中国名产
索取号:F762.7/11:1
 
预约/预借
| 序号 | 登录号 | 条形码 | 馆藏地/架位号 | 状态 | 备注 |
| 1 | 0212798 | 000489803 | 第一借阅区/ [索取号:F762.7/11:1] | 在馆 | |
| 2 | 0212799 | 000489812 | 第一样本阅览室/ [索取号:F762.7/11:1] | 在馆 | |
| 3 | 0464986 | 204649862 | 密集书库/ [索取号:F762.7/11:1] | 在馆 | |
| 4 | 0470562 | 204705621 | 密集书库/ [索取号:F762.7/11:1] | 在馆 | |
| 5 | 0470563 | 204705630 | 密集书库/ [索取号:F762.7/11:1] | 在馆 | |
| 6 | 0471226 | 204712267 | 密集书库/ [索取号:F762.7/11:1] | 在馆 | |
| 7 | 0472016 | 204720169 | 密集书库/ [索取号:F762.7/11:1] | 在馆 | |
| 8 | 0473987 | 204739872 | 密集书库/ [索取号:F762.7/11:1] | 在馆 |